| 000 | 00553nam a2200193 a 4500 | ||
|---|---|---|---|
| 005 | 20140310183154.0 | ||
| 008 | 021015s19uu xx 00 eng d | ||
| 020 | _a0764114107 | ||
| 050 |
_aHD 62.5 _b.Sh5427 2000 |
||
| 100 | _aShim, Jae K. | ||
| 245 |
_aEntrepreneurship 101 / _cJae K. Shim. |
||
| 260 |
_aHauppauge, NY : _bBarron’s Educational Series, _c2000. |
||
| 300 |
_aix, 243 p. : _c 20 cm. |
||
| 521 | _aBSBA | ||
| 546 | _aC1050 | ||
| 650 | _aEntrepreneurship | ||
| 650 |
_aNew business enterprises _xmanagement |
||
| 942 |
_cBK _2lcc _kFOR |
||
| 999 |
_c19706 _d19706 |
||